Statistical quality control methods (Record no. 26559)

MARC details
000 -LEADER
fixed length control field 00385nam a2200133Ia 4500
082 ## - DEWEY DECIMAL CLASSIFICATION NUMBER
Classification number 519.2
Item number BUR
100 ## - MAIN ENTRY--AUTHOR NAME
Personal name Burr, Irving W
245 #0 - TITLE STATEMENT
Title Statistical quality control methods
260 ## - PUBLICATION, DISTRIBUTION, ETC. (IMPRINT)
Place of publication New York
Name of publisher Marcel Dekker
Year of publication 1976
490 ## - SERIES STATEMENT
Series statement Statistics: Textbooks and monographs V 16
650 ## - SUBJECT ADDED ENTRY--TOPICAL TERM
Topical Term Statistical quality control
942 ## - ADDED ENTRY ELEMENTS (KOHA)
Koha item type Books
Holdings
Withdrawn status Lost status Damaged status Not for loan Home library Current library Date acquired Cost, normal purchase price Full call number Accession Number Koha item type
        RRII Library RRII Library 16/12/2021 29.50 519.2 BUR 07192 Books